இரண்டாம் மொழி சிங்களம் பகுதி 1 & 11 - தரம் 6 : முன்மாதிாி வினாப்பத்திரங்கள் 2015 புதிய பாடத்திட்டம்

Saved in:
Bibliographic Details
Corporate Author: Tamil Books Publisher
Format: Book
Language:English
Published: ; Tamil Books Publisher ,
Tags: Add Tag
No Tags, Be the first to tag this record!

MARC

LEADER 00000nam a22000007a 4500
003 LK-PpPL
005 20231103121210.0
008 231103b |||||||| |||| 00| 0 eng d
020 |a 978 - 955 - 43780 - 4 - 9  
040 |b Tamil  |c Sinhala 
082 |a 491.48 
110 |9 5692  |a Tamil Books Publisher 
245 |a இரண்டாம் மொழி சிங்களம் பகுதி 1 & 11 - தரம் 6  |b : முன்மாதிாி வினாப்பத்திரங்கள் 2015 புதிய பாடத்திட்டம்  
260 |a  ;   |b  Tamil Books Publisher ,  
300 |a  பக். 104 ;  |c ச.மீ 30 .  
942 |2 ddc  |c LBK  |n 0 
999 |c 10689  |d 10689